000 00386cam a2200169 4500
001 D13100
008 090401t xxu||||| |||| 00| 0 eng d
035 _a(Sirsi) u7756
041 _aeng
100 _aJenkins, W.R.
245 _aYears` purchase of life interests
260 _aLondon
_bEstates Gazette
_cnd
350 _a0
520 _aShelf 117
942 _n0
948 _c04/03/1997
999 _c86440
_d86440